000 00697nam a22002297a 4500
999 _c9984
_d9984
003 AR-CdUCM
008 190329b ||||| |||| 00| 0 spa d
040 _aMUNICIPALIDAD PROVINCIAL DEL CUSCO
_cBIBLIOTECA MUNICIPAL DEL CUSCO
041 _hfr
082 _aEP / 800 /
_bV52
100 _aVerne, Julio
_910153
245 _aCinco semanas en globo /
260 _aBarcelona :
_bEditorial Molino,
_c1942.
300 _a174 páginas ;
_bIlustraciones,
_c19 cm.
440 _aColección Molino
_926559
505 _aContenido: Los viajes de Julio Verne.
650 _aViajes de Julio Verne
_926560
650 _aLiteratura
_983
650 _aFicción
_9184
942 _2ddc
_cLIBROS
945 _adavv